[Event "Padova op-B 3rd"]
[Site "Padova"]
[Date "2000.12.10"]
[Round "5.33"]
[White "Bonetto, Giorgio"]
[Black "Galiano, Salvatore"]
[Result "1-0"]
[WhiteElo "1528"]
[BlackElo "1416"]
[PlyCount "67"]
[EventDate "2000.12.02"]
[EventType "swiss"]
[EventRounds "6"]
[EventCountry "ITA"]
[SourceTitle "EXT 2024"]
[Source "ChessBase"]
[SourceDate "2023.10.10"]
[SourceVersion "1"]
[SourceVersionDate "2023.10.10"]
[SourceQuality "1"]

1. e4 e5 2. f4 exf4 3. Nf3 g5 4. h4 g4 5. d4 gxf3 6. Qxf3 Nc6 7. c3 a6 8. Bxf4 d6 9. Bc4 Na5 10. Bd3 Bd7 11. d5 Qe7 12. b4 Bh6 13. bxa5 Bg7 14. Bd2 Nf6 15. 0-0 h6 16. Na3 Rf8 17. Rab1 Bc8 18. Nc4 Ng4 19. g3 Ne5 20. Nxe5 dxe5 21. c4 Qc5+ 22. Kg2 Qa3 23. Bb4 Qxa2+ 24. Rf2 Qxf2+ 25. Qxf2 Rg8 26. Rf1 f6 27. Be2 Kd8 28. Bh5 Bd7 29. Qd2 Rb8 30. Bf7 Rh8 31. Be6 b6 32. Bxd7 Kxd7 33. d6 c6 34. Qe2 1-0

[Event "Padova op-A 1st"]
[Site "Padova"]
[Date "1998.12.13"]
[Round "3.10"]
[White "Bonetto, Giorgio"]
[Black "Cecchetto, Vanni"]
[Result "0-1"]
[WhiteElo "1600"]
[BlackElo "1831"]
[PlyCount "84"]
[EventDate "1998.12.12"]
[EventType "swiss"]
[EventRounds "6"]
[EventCountry "ITA"]
[SourceTitle "EXT 2023"]
[Source "ChessBase"]
[SourceDate "2022.10.05"]
[SourceVersion "1"]
[SourceVersionDate "2022.10.05"]
[SourceQuality "1"]

1. e4 e5 2. f4 d5 3. exd5 e4 4. d3 Nf6 5. dxe4 Nxe4 6. Nf3 Bc5 7. Qe2 Bf2+ 8. Kd1 Qxd5+ 9. Nfd2 Bg4 10. Qxg4 0-0 11. Bc4 Qd6 12. Qf3 Re8 13. Bd3 Nxd2 14. Bxd2 Bd4 15. Nc3 c5 16. Nb5 Qb6 17. Nxd4 cxd4 18. Qh5 g6 19. Qb5 Qe6 20. Re1 Qg4+ 21. Be2 Qc8 22. Bf3 Nc6 23. Rxe8+ Qxe8 24. Bxc6 bxc6 25. Qe5 Qd7 26. Qe2 Re8 27. Qf3 c5 28. b3 a5 29. Bxa5 Re3 30. Qa8+ Kg7 31. Kc1 d3 32. Bc3+ f6 33. Bd2 Qd4 34. c3 Qxf4 35. Qb7+ Kh6 36. Kb2 Re2 37. Rd1 Rxd2+ 38. Rxd2 Qxd2+ 39. Ka3 Qc1+ 40. Ka4 d2 41. Qb8 d1Q 42. Qf8+ Kh5 0-1

[Event "Padova Province-chT 58th"]
[Site "Padova"]
[Date "1998.01.10"]
[Round "1"]
[White "Spinoso, Giovanni"]
[Black "Bonetto, Giorgio"]
[Result "0-1"]
[WhiteElo "1400"]
[BlackElo "1546"]
[PlyCount "124"]
[EventDate "1998.01.10"]
[EventType "swiss"]
[EventRounds "6"]
[EventCountry "ITA"]
[SourceTitle "EXT 2022"]
[Source "ChessBase"]
[SourceDate "2021.10.06"]
[SourceVersion "1"]
[SourceVersionDate "2021.10.06"]
[SourceQuality "1"]

1. d4 e6 2. c4 d5 3. Nc3 c6 4. a3 dxc4 5. e3 b5 6. b4 Nf6 7. Nge2 a5 8. bxa5 Rxa5 9. Bb2 Bd6 10. g3 Qe7 11. Nb1 Bb7 12. Bg2 0-0 13. 0-0 Rd8 14. Qc1 Nbd7 15. Qc3 Ra7 16. Nd2 Rda8 17. Nb1 c5 18. Bxb7 Rxb7 19. dxc5 Nxc5 20. Nd4 Nce4 21. Qc1 Rc8 22. Nc3 Nxc3 23. Bxc3 Ne4 24. Qb2 Nxc3 25. Qxc3 Be5 26. Rfd1 Qc5 27. Qb4 Qxb4 28. axb4 Bxd4 29. Rxd4 Rbc7 30. Rd2 c3 31. Rc2 Rc4 32. Kg2 Kf8 33. Rb1 Ke7 34. f3 Ra8 35. Rb3 Rac8 36. Kf2 f5 37. e4 fxe4 38. fxe4 Kd6 39. Ke3 Ke5 40. h4 h5 41. Kf3 Rf8+ 42. Kg2 Kd4 43. Rb1 Kxe4 44. Re1+ Kd5 45. Rd1+ Kc6 46. Rd3 Rxb4 47. Rcxc3+ Rc4 48. Rf3 Rxf3 49. Rxf3 Rc2+ 50. Kf1 Rd2 51. Rc3+ Kb6 52. Re3 Rd6 53. Re5 g6 54. Rg5 b4 55. Rxg6 b3 56. Rg8 Kc5 57. Rb8 Rb6 58. Rc8+ Rc6 59. Rb8 Rb6 60. Rc8+ Kb4 61. Rc1 b2 62. Rb1 Ka3 0-1